Patrick Sbalchiero (sous la dir. de), Dictionnaire des miracles et de l’extraordinaire chrétien, Fayard, 2002, 882 pages, 59 € (notice n° 1618905)
[ vue normale ]
| 000 -LEADER | |
|---|---|
| fixed length control field | 00539cam a2200145 4500500 |
| 005 - DATE AND TIME OF LATEST TRANSACTION | |
| control field | 20260111090436.0 |
| 041 ## - LANGUAGE CODE | |
| Language code of text/sound track or separate title | fre |
| 042 ## - AUTHENTICATION CODE | |
| Authentication code | dc |
| 100 10 - MAIN ENTRY--PERSONAL NAME | |
| Personal name | Vallin, Pierre |
| Relator term | author |
| 245 00 - TITLE STATEMENT | |
| Title | Patrick Sbalchiero (sous la dir. de), Dictionnaire des miracles et de l’extraordinaire chrétien, Fayard, 2002, 882 pages, 59 € |
| 260 ## - PUBLICATION, DISTRIBUTION, ETC. | |
| Date of publication, distribution, etc. | 2003.<br/> |
| 500 ## - GENERAL NOTE | |
| General note | 18 |
| 786 0# - DATA SOURCE ENTRY | |
| Note | Études | 398 | 1 | 2003-01-01 | p. 123zi-143zi | 0014-1941 |
| 856 41 - ELECTRONIC LOCATION AND ACCESS | |
| Uniform Resource Identifier | <a href="https://shs.cairn.info/revue-etudes-2003-1-page-123zi?lang=fr&redirect-ssocas=7080">https://shs.cairn.info/revue-etudes-2003-1-page-123zi?lang=fr&redirect-ssocas=7080</a> |
Pas d'exemplaire disponible.




Réseaux sociaux